Cuantificación e historia interdisciplinaria
Guardat en:
| Autor principal: | |
|---|---|
| Format: | Desconegut |
| Publicat: |
San José, C.R:
Universidad de Costa Rica. Centro Investigaciones Históricas, Bibliografías y documentación,
c1988
|
| Matèries: | |
| Etiquetes: |
Afegir etiqueta
Sense etiquetes, Sigues el primer a etiquetar aquest registre!
|
MARC
| LEADER | 000000000a22000000004500 | ||
|---|---|---|---|
| 001 | 000433 | ||
| 041 | 0 | |a español | |
| 092 | 0 | |a Referencia 900.727 C961c CENTRO DE INVESTIGACIONES HISTORICAS | |
| 100 | 1 | |a Pérez Brignoli, Héctor, coordinador | |
| 245 | 1 | 0 | |a Cuantificación e historia interdisciplinaria |
| 260 | |a San José, C.R: |b Universidad de Costa Rica. Centro Investigaciones Históricas, Bibliografías y documentación, |c c1988 | ||
| 300 | |a 8 páginas. -- Colección Centro de Investigaciones Históricas no.9 | ||
| 500 | |a Sin número de inscripción | ||
| 650 | 4 | |a HISTORIA ECONOMICA | |
| 650 | 4 | |a HISTORIA SOCIAL | |
| 650 | 4 | |a ESTADISTICAS | |
| 650 | 4 | |a HISTORIOGRAFIA | |
| 773 | 0 | |g 9 | |
| 999 | |c 889 |d 889 | ||
